Statistics for Random Historical Figures #6

Click here to take the quiz!

General Stats

  • This quiz has been taken 28 times
  • The average score is 7 of 15

Answer Stats

HintAnswer% Correct
Famous refused to move to the back of a Montgomery busRosa Parks
92%
First female to fly solo across the Atlantic OceanAmelia Earhart
88%
Blonde bombshell who has become an iconic sex symbolMarilyn Monroe
81%
Wrote the dystopian novel 1984, inspired many neologismsGeorge Orwell
77%
Female Mexican painter known for her many self-portraitsFrida Kahlo
65%
Fueled the rebellion of the American colonies by writing Common SenseThomas Paine
54%
Sewed the first American flagBetsy Ross
46%
Known for calculating the wave function and his catErwin Schrödinger
38%
Initiated the CrusadesPope Urban II
38%
Father of Liberalism, very influential in the EnlightenmentJohn Locke
35%
Wrote Leviathan, which contributed to the social contract theoryThomas Hobbes
23%
First to calculate Earth's circumference, founded geographyEratosthenes
15%
Czech reformer who inspired Hussitism and predated LutherJan Hus
15%
Led the 1381 Peasant's Revolt in EnglandWat Tyler
12%
Washington Post head who published the Pentagon PapersKatharine Graham
8%

Score Distribution

Percentile by Number Answered

Percent of People with Each Score

Your Score History

You have not taken this quiz